00342nam a2200121Ia 4500008004000000020001800040082001500058100002200073245004500095260004900140300000800189650002300197210210b1998 xxu||||| |||| 00| 0 eng d a81 87326 01 8 a181.4 KRIK aKRISHNAMURTI (J). aKrishnanurti for beginners:an anthology. aChennaibKrishnamurti Foundation Indiac1998 a240 aJiddu Krishnamurti